ASEJ Scientific Journal of Bielsko-Biała School of Finance and Law

Gespeichert in:
Bibliographische Detailangaben
Format: Schriftenreihe
Sprache:Englisch
Veröffentlicht: Bielsko-Biała Wyższa Szkoła Finansów i Prawa
Tags: Tag hinzufügen
Keine Tags, Fügen Sie das erste Tag hinzu!

MARC

LEADER 00000nas1a2200000 4500
001 0247691
005 20230210083918.6
022 |a 2543-9103 
022 |a 2543-411X 
041 0 |a eng 
044 |a PL 
245 1 0 |a ASEJ  |b Scientific Journal of Bielsko-Biała School of Finance and Law 
264 1 |a Bielsko-Biała  |b Wyższa Szkoła Finansów i Prawa